[Event "South Wales op 15th"]
[Site "Cardiff"]
[Date "2018.07.09"]
[Round "4"]
[White "Farrington, Edward"]
[Black "Gosling, Brian GE"]
[Result "1/2-1/2"]
[WhiteElo "2010"]
[BlackElo "1816"]
[PlyCount "44"]
[EventDate "2018.07.07"]
[EventType "swiss"]
[EventRounds "9"]
[EventCountry "WLS"]
[SourceTitle "EXT 2019"]
[Source "ChessBase"]
[SourceDate "2018.10.10"]
[SourceVersion "1"]
[SourceVersionDate "2018.10.10"]
[SourceQuality "1"]

1. b4 e5 2. a3 c6 3. Bb2 d6 4. c4 Nd7 5. e3 Ngf6 6. Nc3 Be7 7. d4 0-0 8. Nf3 e4 9. Nd2 d5 10. Be2 Nb6 11. c5 Nbd7 12. b5 Re8 13. g4 Nxc5 14. dxc5 Bxc5 15. Nb3 Bd6 16. Nd4 c5 17. Nc2 Be5 18. g5 Qa5 19. gxf6 Bxc3+ 20. Bxc3 Qxc3+ 21. Qd2 Qxf6 22. 0-0-0 Be6 1/2-1/2

[Event "GBR-ch Major 104th"]
[Site "Llandudno"]
[Date "2017.08.05"]
[Round "8"]
[White "Rice, Christopher"]
[Black "Gosling, Brian GE"]
[Result "1/2-1/2"]
[WhiteElo "2009"]
[BlackElo "1825"]
[PlyCount "34"]
[EventDate "2017.07.29"]
[EventType "swiss"]
[EventRounds "9"]
[EventCountry "WLS"]
[SourceTitle "CBM 179 Extra"]
[Source "ChessBase"]
[SourceDate "2017.08.23"]
[SourceVersion "1"]
[SourceVersionDate "2017.08.23"]
[SourceQuality "1"]

1. e4 e6 2. d4 d5 3. Nd2 Nf6 4. Bd3 Nbd7 5. Ne2 dxe4 6. Nxe4 Nxe4 7. Bxe4 Nf6 8. Bf3 c5 9. 0-0 cxd4 10. Nxd4 Bc5 11. Nb5 Qb6 12. Nc3 Bd7 13. a4 a5 14. Qe2 Bc6 15. Bxc6+ bxc6 16. b3 0-0 17. Bb2 Rfd8 1/2-1/2

[Event "GBR-ch Major 104th"]
[Site "Llandudno"]
[Date "2017.07.30"]
[Round "2"]
[White "Samworth Calvier, Juju"]
[Black "Gosling, Brian GE"]
[Result "1-0"]
[WhiteElo "1594"]
[BlackElo "1825"]
[PlyCount "73"]
[EventDate "2017.07.29"]
[EventType "swiss"]
[EventRounds "9"]
[EventCountry "WLS"]
[SourceTitle "CBM 179 Extra"]
[Source "ChessBase"]
[SourceDate "2017.08.23"]
[SourceVersion "1"]
[SourceVersionDate "2017.08.23"]
[SourceQuality "1"]

1. e4 e6 2. d4 d5 3. Nc3 dxe4 4. Nxe4 Nf6 5. Bg5 Be7 6. Bxf6 gxf6 7. Nf3 b6 8. Bb5+ c6 9. Be2 Bb7 10. c3 Nd7 11. Qc2 Qc7 12. 0-0-0 0-0-0 13. Qa4 Kb8 14. Kb1 Rhg8 15. Ng3 f5 16. Rhg1 Bd6 17. c4 Bf4 18. Rd3 f6 19. Ra3 a6 20. b4 b5 21. Qb3 Nb6 22. Bd3 e5 23. dxe5 fxe5 24. Nxf5 Rxd3 25. Qxd3 Rd8 26. Qc2 Nxc4 27. Rc3 Nd2+ 28. Nxd2 Rxd2 29. Qb3 Qd7 30. Ne3 c5 31. bxc5 Be4+ 32. Kc1 Bd5 33. c6 Bxc6 34. Rd1 Rxd1+ 35. Qxd1 Qe8 36. Qd6+ Kb7 37. g3 1-0

[Event "GBR-ch Major 104th"]
[Site "Llandudno"]
[Date "2017.07.29"]
[Round "1"]
[White "Gosling, Brian GE"]
[Black "Sugden, John N"]
[Result "0-1"]
[WhiteElo "1825"]
[BlackElo "2037"]
[PlyCount "54"]
[EventDate "2017.07.29"]
[EventType "swiss"]
[EventRounds "9"]
[EventCountry "WLS"]
[SourceTitle "CBM 179 Extra"]
[Source "ChessBase"]
[SourceDate "2017.08.23"]
[SourceVersion "1"]
[SourceVersionDate "2017.08.23"]
[SourceQuality "1"]

1. b4 Nf6 2. Bb2 d5 3. Nf3 Bf5 4. e3 e6 5. c4 Nbd7 6. a3 Be7 7. Nc3 0-0 8. d4 c6 9. Be2 h6 10. h3 Ne4 11. Nxe4 Bxe4 12. Qd2 a5 13. 0-0 dxc4 14. Bxc4 Nb6 15. Be2 Nd5 16. b5 cxb5 17. Bxb5 Bxf3 18. gxf3 Bd6 19. f4 Qh4 20. Kg2 Bxf4 21. Rh1 Nxe3+ 22. fxe3 Qg3+ 23. Kf1 Qf3+ 24. Qf2 Qxh1+ 25. Ke2 Qd5 26. a4 Bd6 27. Bd3 Qh5+ 0-1

[Event "BCF-ch Week1 AM op"]
[Site "Bournemouth"]
[Date "2016.07.27"]
[Round "3"]
[White "Freeland, Alex"]
[Black "Gosling, Brian GE"]
[Result "1-0"]
[WhiteElo "1946"]
[BlackElo "1842"]
[PlyCount "75"]
[EventDate "2016.07.25"]
[EventType "swiss"]
[EventRounds "5"]
[EventCountry "ENG"]
[SourceTitle "CBM 173 Extra"]
[Source "ChessBase"]
[SourceDate "2016.08.29"]
[SourceVersion "1"]
[SourceVersionDate "2016.08.29"]
[SourceQuality "1"]

1. d4 Nf6 2. Nf3 c5 3. d5 e6 4. Nc3 d6 5. dxe6 fxe6 6. e4 Be7 7. Bc4 Nc6 8. 0-0 0-0 9. Re1 Na5 10. Bf1 Nc6 11. Bg5 a6 12. a4 b6 13. Bc4 Qc7 14. Qd2 Ng4 15. Bf4 Kh8 16. h3 Nge5 17. Bxe5 dxe5 18. Ne2 Nd4 19. Nexd4 exd4 20. e5 Bb7 21. Bxe6 Qc6 22. Bg4 Rf7 23. e6 Rf6 24. Nh4 Raf8 25. f3 g6 26. Re5 Kg7 27. Rf1 Bc8 28. f4 Bxe6 29. f5 Bd6 30. Rxe6 Rxe6 31. fxe6 Bh2+ 32. Kxh2 Rxf1 33. Qe2 Qd6+ 34. g3 Rf8 35. Ng2 Kf6 36. Qf3+ Ke5 37. Nf4 g5 38. Nd3# 1-0

[Event "South Wales op 13th"]
[Site "Cardiff"]
[Date "2016.07.07"]
[Round "2"]
[White "Gosling, Brian GE"]
[Black "Cox, John"]
[Result "1-0"]
[WhiteElo "1842"]
[BlackElo "1469"]
[PlyCount "63"]
[EventDate "2016.07.07"]
[EventType "swiss"]
[EventRounds "10"]
[EventCountry "WLS"]
[SourceTitle "EXT 2017"]
[Source "ChessBase"]
[SourceDate "2016.10.25"]
[SourceVersion "1"]
[SourceVersionDate "2016.10.25"]
[SourceQuality "1"]

1. e4 d6 2. Nf3 Nf6 3. d3 e5 4. g3 Be7 5. Bg2 Nc6 6. c3 Bg4 7. Nbd2 0-0 8. h3 Bxf3 9. Nxf3 d5 10. Qe2 dxe4 11. dxe4 Bc5 12. 0-0 Qe7 13. Nh4 Qe6 14. Kh2 Rfe8 15. b4 Bb6 16. a4 a6 17. Nf5 Ne7 18. Ne3 Rad8 19. Nc4 Nd7 20. a5 Ba7 21. f4 f5 22. exf5 Nxf5 23. Nxe5 Nxe5 24. fxe5 c6 25. Bf4 Bb8 26. Rae1 h6 27. h4 Qb3 28. Qg4 Rf8 29. Be4 Qf7 30. Bc1 Bxe5 31. Rxf5 Qc7 32. Rxe5 1-0

[Event "South Wales op 13th"]
[Site "Cardiff"]
[Date "2016.07.07"]
[Round "1"]
[White "Webb, Laurence"]
[Black "Gosling, Brian GE"]
[Result "1-0"]
[WhiteElo "2286"]
[BlackElo "1842"]
[PlyCount "67"]
[EventDate "2016.07.07"]
[EventType "swiss"]
[EventRounds "10"]
[EventCountry "WLS"]
[SourceTitle "EXT 2017"]
[Source "ChessBase"]
[SourceDate "2016.10.25"]
[SourceVersion "1"]
[SourceVersionDate "2016.10.25"]
[SourceQuality "1"]

1. d4 Nf6 2. c4 e6 3. Nc3 d5 4. cxd5 exd5 5. Bg5 Be7 6. e3 c6 7. Qc2 h6 8. Bh4 Na6 9. Bxa6 bxa6 10. Nf3 Be6 11. 0-0 0-0 12. Na4 g5 13. Bg3 Qa5 14. Ne5 Rac8 15. Rfc1 c5 16. Nxc5 Bxc5 17. dxc5 Ne4 18. c6 Nxg3 19. hxg3 Rc7 20. Qc5 Qxc5 21. Rxc5 f6 22. Nf3 Rfc8 23. Rac1 Kf7 24. Nd4 Ke7 25. R1c3 Rb8 26. Rb3 Rxb3 27. axb3 Kd6 28. Ra5 Bc8 29. b4 Re7 30. b5 axb5 31. Rxa7 Rxa7 32. Nxb5+ Kc5 33. Nxa7 Bf5 34. c7 1-0

[Event "BCF-ch U160"]
[Site "Aberystwyth"]
[Date "2014.07.30"]
[Round "3"]
[White "Gosling, Brian GE"]
[Black "Crouch, Timothy J"]
[Result "0-1"]
[WhiteElo "152"]
[BlackElo "131"]
[PlyCount "53"]
[EventDate "2014.07.28"]
[EventType "swiss"]
[EventRounds "5"]
[EventCountry "WLS"]
[SourceTitle "EXT 2017"]
[Source "ChessBase"]
[SourceDate "2016.10.25"]
[SourceVersion "1"]
[SourceVersionDate "2016.10.25"]
[SourceQuality "1"]

1. e4 c5 2. Nf3 d6 3. d3 Nf6 4. g3 Nc6 5. Bg2 Bg4 6. h3 Bd7 7. 0-0 e5 8. c3 Be7 9. a3 0-0 10. b4 b6 11. Nbd2 Qc8 12. Kh2 Rb8 13. Nc4 a5 14. b5 Nd8 15. a4 Ne6 16. Nh4 g6 17. Ra2 Ne8 18. Bh6 N6g7 19. Qc1 Bxh4 20. gxh4 f5 21. exf5 Rxf5 22. Ne3 Rf7 23. Nd5 Nf6 24. Bxg7 Kxg7 25. f4 Nxd5 26. Bxd5 Be6 27. Bg2 0-1

[Event "BCF-ch Senior"]
[Site "Torquay"]
[Date "2013.08.07"]
[Round "5.82"]
[White "Norman, Dinah M"]
[Black "Gosling, Brian GE"]
[Result "1/2-1/2"]
[WhiteElo "1794"]
[BlackElo "1945"]
[PlyCount "58"]
[EventDate "2013.08.03"]
[EventType "swiss"]
[EventRounds "7"]
[EventCountry "ENG"]
[SourceTitle "EXT 2023"]
[Source "ChessBase"]
[SourceDate "2022.10.05"]
[SourceVersion "1"]
[SourceVersionDate "2022.10.05"]
[SourceQuality "1"]

1. d4 g6 2. e4 d6 3. Nc3 Bg7 4. Be3 a6 5. Qd2 Nd7 6. Be2 b5 7. a3 Bb7 8. f3 e6 9. Rd1 Ngf6 10. Nh3 Nh5 11. 0-0 0-0 12. Bh6 f5 13. Bxg7 Kxg7 14. exf5 exf5 15. f4 Nhf6 16. Ng5 Re8 17. d5 Nf8 18. Bf3 h6 19. Nh3 Bc8 20. Qd4 N8h7 21. Nf2 Qe7 22. Qd2 Qe3 23. Qxe3 Rxe3 24. Rfe1 Rxe1+ 25. Rxe1 Kf7 26. g3 Bd7 27. Nd3 a5 28. Bg2 Re8 29. Rxe8 Kxe8 1/2-1/2

[Event "South Wales op 9th"]
[Site "Penarth"]
[Date "2012.07.12"]
[Round "9"]
[White "Gosling, Brian GE"]
[Black "Leconte, Maria"]
[Result "0-1"]
[WhiteElo "1939"]
[BlackElo "2224"]
[PlyCount "68"]
[EventDate "2012.07.08"]
[EventType "swiss"]
[EventRounds "9"]
[EventCountry "WLS"]
[SourceTitle "CBM 149 Extra"]
[Source "ChessBase"]
[SourceDate "2012.08.24"]
[SourceVersion "1"]
[SourceVersionDate "2012.08.24"]
[SourceQuality "1"]

1. d4 d6 2. Nf3 g6 3. Bf4 Bg7 4. e3 Nd7 5. Be2 e5 6. Bg3 Ne7 7. Nc3 Nf5 8. dxe5 dxe5 9. Qd5 c6 10. Qd2 Qe7 11. 0-0-0 0-0 12. Kb1 e4 13. Nd4 Nxg3 14. hxg3 Nf6 15. g4 Bxg4 16. Bxg4 Nxg4 17. Qe2 Nf6 18. Rh3 Rfd8 19. Rdh1 h5 20. Rh4 c5 21. Nb3 Qe5 22. Nd1 a5 23. a4 Nd5 24. c3 f5 25. f4 Qe7 26. Qc4 b6 27. R4h3 Qf7 28. Kc1 Nc7 29. Nd2 Rd5 30. Qe2 Rad8 31. Nc4 Rd3 32. Nxb6 Qb3 33. Nf2 Qxb6 34. Nxd3 exd3 0-1

[Event "South Wales op 9th"]
[Site "Penarth"]
[Date "2012.07.10"]
[Round "5"]
[White "Leconte, Nicolas"]
[Black "Gosling, Brian GE"]
[Result "0-1"]
[WhiteElo "1750"]
[BlackElo "1939"]
[PlyCount "42"]
[EventDate "2012.07.08"]
[EventType "swiss"]
[EventRounds "9"]
[EventCountry "WLS"]
[SourceTitle "CBM 149 Extra"]
[Source "ChessBase"]
[SourceDate "2012.08.24"]
[SourceVersion "1"]
[SourceVersionDate "2012.08.24"]
[SourceQuality "1"]

1. d4 d5 2. c4 e6 3. Nc3 c5 4. dxc5 Bxc5 5. cxd5 Nf6 6. Bg5 0-0 7. Bxf6 Qxf6 8. Nf3 Na6 9. a3 exd5 10. Qb3 d4 11. Ne4 Qe7 12. Ned2 Bf5 13. Rd1 d3 14. e3 Bxe3 15. Bxd3 Bxd2+ 16. Kxd2 Nc5 17. Qb4 Qd6 18. Kc2 Bxd3+ 19. Kc1 Rac8 20. Kd2 Qh6+ 21. Kc3 Na6+ 0-1